Visita a Colombia y El Salvador del Presidente de Chile don Patricio Aylwin Azocar, junio 1991

Enregistré dans:
Détails bibliographiques
Collectivité auteur: Chile. Ministerio Secretaria General de Gobierno
Format: Texte
Publié: Santiago: SECC
Tags: Ajouter un tag
Pas de tags, Soyez le premier à ajouter un tag!

MARC

LEADER 00000 a a2200000 04500
001 23797
003
040
090 |a 168400  
110 |a Chile. Ministerio Secretaria General de Gobierno  
245 |a Visita a Colombia y El Salvador del Presidente de Chile don Patricio Aylwin Azocar, junio 1991  
260 |a Santiago:   |b SECC  
300 |a 24 p.  
999 |c 2024  |d 2024